000 00305nam a2200109Ia 4500
008 171211s9999 xx 000 0 und d
245 _aAutomatisieren mit SIMATIC
245 _cHans Berger
260 _c2010
650 _xEngineering and Technology
856 _uhttp://down.ebook777.com/065/389578348X.pdf
999 _c350274
_d350274